[Event "Titled Tuesday intern op 16th Apr Late"]
[Site "Chess.com INT"]
[Date "2024.04.16"]
[Round "6"]
[White "Baskakov, Egor"]
[Black "Zakirov, Musa"]
[Result "1-0"]
[WhiteElo "2215"]
[BlackElo "2203"]
[PlyCount "73"]
[EventDate "2024.04.16"]
[EventType "swiss (blitz)"]
[EventRounds "11"]
[EventCountry "USA"]
[SourceTitle "CB17_2024"]
[SourceDate "2024.04.24"]
[SourceVersion "1"]
[SourceVersionDate "2024.04.24"]
[SourceQuality "1"]

1. e4 c5 2. Nf3 d6 3. d4 cxd4 4. Nxd4 Nf6 5. Nc3 a6 6. a4 e5 7. Nde2 Be7 8. g3 h5 9. h3 0-0 10. Bg2 Be6 11. 0-0 Nbd7 12. a5 b6 13. axb6 Nxb6 14. Nd5 Nfxd5 15. exd5 Bf5 16. Ra2 Qc8 17. b3 Bxh3 18. Be3 Bxg2 19. Kxg2 Qb7 20. c4 Nd7 21. Nc3 Rfb8 22. Qxh5 Nf6 23. Qh3 Qxb3 24. Rh1 Kf8 25. Bd2 Ng8 26. Ra4 Rb4 27. Rxb4 Qxb4 28. Qg4 Qb8 29. c5 dxc5 30. Rh7 g6 31. Qf3 f5 32. d6 Bf6 33. Qd5 Bg7 34. Bg5 a5 35. d7 Ne7 36. Bxe7+ Kxe7 37. Rxg7+ 1-0

[Event "Titled Tuesday intern op 16th Apr Late"]
[Site "Chess.com INT"]
[Date "2024.04.16"]
[Round "8"]
[White "Skaric, Djuro"]
[Black "Zakirov, Musa"]
[Result "0-1"]
[WhiteElo "2297"]
[BlackElo "2203"]
[PlyCount "114"]
[EventDate "2024.04.16"]
[EventType "swiss (blitz)"]
[EventRounds "11"]
[EventCountry "USA"]
[SourceTitle "CB17_2024"]
[SourceDate "2024.04.24"]
[SourceVersion "1"]
[SourceVersionDate "2024.04.24"]
[SourceQuality "1"]

1. g3 d5 2. Bg2 Nf6 3. d3 c6 4. Nf3 Bg4 5. 0-0 Nbd7 6. h3 Bh5 7. Nc3 e5 8. e4 Bd6 9. g4 Bg6 10. Nh4 d4 11. Ne2 0-0 12. Nf5 Bc5 13. Kh1 Re8 14. f4 exf4 15. Bxf4 Ne5 16. Neg3 Bb6 17. Bf3 Qd7 18. h4 Bxf5 19. Nxf5 g6 20. Nh6+ Kg7 21. g5 Qh3+ 22. Kg1 Nfd7 23. Bg4 Qxh4 24. Bxd7 Nxd7 25. Qg4 Qxg4+ 26. Nxg4 Bd8 27. e5 Nf8 28. Nf6 Bxf6 29. gxf6+ Kg8 30. c3 Rad8 31. Rf3 Ne6 32. Bh6 Nc5 33. Re1 dxc3 34. bxc3 Rxd3 35. Rxd3 Nxd3 36. Re3 Nc5 37. c4 Nd7 38. Rd3 Nxe5 39. Re3 Re6 40. Bf4 Ng4 41. Rd3 Nxf6 42. Bh6 Re8 43. a4 Ng4 44. Bf4 Ne5 45. Re3 f6 46. Rb3 Re7 47. c5 g5 48. Bg3 h5 49. a5 h4 50. Bxe5 fxe5 51. Kg2 e4 52. Kf2 e3+ 53. Ke2 h3 54. Rb1 g4 55. Rg1 Re4 56. Rb1 h2 57. a6 bxa6 0-1

[Event "Titled Tuesday intern op 16th Apr Late"]
[Site "Chess.com INT"]
[Date "2024.04.16"]
[Round "3"]
[White "Venkatesh, Narayan"]
[Black "Zakirov, Musa"]
[Result "0-1"]
[WhiteElo "2033"]
[BlackElo "2203"]
[PlyCount "62"]
[EventDate "2024.04.16"]
[EventType "swiss (blitz)"]
[EventRounds "11"]
[EventCountry "USA"]
[SourceTitle "CB17_2024"]
[SourceDate "2024.04.24"]
[SourceVersion "1"]
[SourceVersionDate "2024.04.24"]
[SourceQuality "1"]

1. Nf3 d5 2. g3 Nf6 3. Bg2 c6 4. 0-0 Bg4 5. c4 e6 6. d4 Nbd7 7. Qc2 Be7 8. b3 0-0 9. Ba3 Bf5 10. Qc1 h6 11. Bxe7 Qxe7 12. Nc3 Bh7 13. Nd2 Rfd8 14. Rd1 a5 15. e4 dxe4 16. Ndxe4 Nxe4 17. Nxe4 Nf6 18. Nc3 Rd7 19. Qf4 Rad8 20. Na4 e5 21. Qe3 exd4 22. Qd2 d3 23. Qxa5 d2 24. Nc5 Rd4 25. Qb6 Bc2 26. Nxb7 Bxd1 27. Rxd1 Qe1+ 28. Rxe1 dxe1Q+ 29. Bf1 Rd1 30. Qxd8+ Rxd8 31. Nxd8 Ne4 0-1

[Event "Titled Tuesday intern op 16th Apr Early"]
[Site "Chess.com INT"]
[Date "2024.04.16"]
[Round "5"]
[White "Wael Sabry, Mina"]
[Black "Zakirov, Musa"]
[Result "1-0"]
[WhiteElo "2033"]
[BlackElo "2203"]
[PlyCount "53"]
[EventDate "2024.04.16"]
[EventType "swiss (blitz)"]
[EventRounds "11"]
[EventCountry "USA"]
[SourceTitle "CB17_2024"]
[SourceDate "2024.04.24"]
[SourceVersion "1"]
[SourceVersionDate "2024.04.24"]
[SourceQuality "1"]

1. Nf3 d5 2. g3 Nf6 3. Bg2 c6 4. 0-0 Bg4 5. d4 Nbd7 6. c4 e6 7. Nc3 dxc4 8. h3 Bh5 9. a4 a5 10. b3 Bb4 11. Bb2 cxb3 12. Qxb3 0-0 13. e4 Bxc3 14. Bxc3 Nxe4 15. Bb2 Qc8 16. Ba3 Re8 17. Ne5 Nef6 18. Rab1 Ra7 19. Rfc1 Bg6 20. Rb2 Qa8 21. g4 Nxe5 22. dxe5 Nd5 23. Bc5 b6 24. Bxb6 Rb8 25. Bxd5 cxd5 26. Bxa7 Rf8 27. Qb8 1-0

[Event "Titled Tuesday intern op 16th Apr Late"]
[Site "Chess.com INT"]
[Date "2024.04.16"]
[Round "5"]
[White "Zakirov, Musa"]
[Black "Bynum, Jacorey"]
[Result "1-0"]
[WhiteElo "2203"]
[BlackElo "1966"]
[PlyCount "113"]
[EventDate "2024.04.16"]
[EventType "swiss (blitz)"]
[EventRounds "11"]
[EventCountry "USA"]
[SourceTitle "CB17_2024"]
[SourceDate "2024.04.24"]
[SourceVersion "1"]
[SourceVersionDate "2024.04.24"]
[SourceQuality "1"]

1. e4 c5 2. Nf3 Nc6 3. d4 cxd4 4. Nxd4 g6 5. c4 Bg7 6. Be3 Nf6 7. Nc3 0-0 8. Be2 d6 9. f3 Bd7 10. 0-0 a6 11. Qd2 Nxd4 12. Bxd4 Qa5 13. Rfd1 Rfe8 14. Kh1 Rac8 15. Bxf6 Bxf6 16. Nd5 Qxd2 17. Nxf6+ exf6 18. Rxd2 b5 19. Rxd6 Be6 20. cxb5 axb5 21. Bxb5 Red8 22. Rxd8+ Rxd8 23. Bf1 Rd2 24. a4 Rxb2 25. a5 Rb7 26. a6 Ra7 27. Rb1 Kg7 28. Rb7 Ra8 29. a7 f5 30. h4 fxe4 31. fxe4 Kf6 32. Bb5 Ke5 33. Bc6 Kd6 34. Bd5 Bxd5 35. exd5 Kxd5 36. Rxf7 Ke5 37. Rxh7 Kf5 38. Kh2 Kg4 39. Kg1 Rf8 40. Rb7 Ra8 41. Rh7 Rc8 42. Rh6 Kf5 43. Kh2 Ra8 44. Rh7 Kg4 45. h5 gxh5 46. Rg7+ Kf5 47. Kh3 Kf4 48. Kh4 Kf5 49. g3 Rd8 50. Rg5+ Kf6 51. Ra5 Ra8 52. Kxh5 Kg7 53. Kg5 Kf7 54. Kf5 Ke7 55. g4 Kd7 56. g5 Ke7 57. g6 1-0

[Event "Titled Tuesday intern op 16th Apr Late"]
[Site "Chess.com INT"]
[Date "2024.04.16"]
[Round "9"]
[White "Zakirov, Musa"]
[Black "Denisenko, Denis"]
[Result "1/2-1/2"]
[WhiteElo "2203"]
[BlackElo "1989"]
[PlyCount "124"]
[EventDate "2024.04.16"]
[EventType "swiss (blitz)"]
[EventRounds "11"]
[EventCountry "USA"]
[SourceTitle "CB17_2024"]
[SourceDate "2024.04.24"]
[SourceVersion "1"]
[SourceVersionDate "2024.04.24"]
[SourceQuality "1"]

1. e4 e5 2. Nf3 Nf6 3. d4 Nxe4 4. Bd3 d5 5. Nxe5 Nd7 6. Nxd7 Bxd7 7. 0-0 Bd6 8. c4 c6 9. Nc3 Nxc3 10. bxc3 0-0 11. cxd5 cxd5 12. Qh5 f5 13. Qf3 Be6 14. Re1 Qd7 15. Bf4 Rae8 16. Bxd6 Qxd6 17. Rab1 b6 18. Re5 g6 19. h4 Bf7 20. Rbe1 Rxe5 21. Rxe5 Re8 22. Rxe8+ Bxe8 23. Bc2 Bf7 24. Qe3 Qe6 25. Qd2 Qf6 26. g3 Kg7 27. Bb3 Qe7 28. Qd3 Qe4 29. Qd2 h6 30. Bc2 Qe7 31. Bd3 Be8 32. Bf1 Bf7 33. Bg2 g5 34. hxg5 hxg5 35. c4 dxc4 36. d5 Qd6 37. Qd4+ Kg6 38. Qxc4 Qc5 39. Qd3 Qd6 40. Qe3 Kf6 41. Qc3+ Kg6 42. a4 a6 43. Qc6 Qxc6 44. dxc6 Be6 45. c7 Bc8 46. f4 gxf4 47. gxf4 Kf6 48. Kf2 Ke7 49. Ke3 Kd6 50. Kd4 Kxc7 51. Ke5 Bd7 52. Bh3 Bxa4 53. Bxf5 a5 54. Bd3 Be8 55. f5 b5 56. Ke6 Kb6 57. Ke7 Bh5 58. f6 a4 59. Be2 Bg6 60. Bd3 Bh5 61. Be2 Bg6 62. Bd3 Bh5 1/2-1/2

[Event "Titled Tuesday intern op 16th Apr Early"]
[Site "Chess.com INT"]
[Date "2024.04.16"]
[Round "10"]
[White "Zakirov, Musa"]
[Black "Jimenez Salas, Maria Teresa"]
[Result "1-0"]
[WhiteElo "2203"]
[BlackElo "1946"]
[PlyCount "57"]
[EventDate "2024.04.16"]
[EventType "swiss (blitz)"]
[EventRounds "11"]
[EventCountry "USA"]
[SourceTitle "CB17_2024"]
[SourceDate "2024.04.24"]
[SourceVersion "1"]
[SourceVersionDate "2024.04.24"]
[SourceQuality "1"]

1. e4 c5 2. Nf3 Nc6 3. d4 cxd4 4. Nxd4 Nf6 5. Nc3 d6 6. f3 e6 7. Nb3 Be7 8. Be3 0-0 9. Qd2 a6 10. g4 b5 11. 0-0-0 Nd7 12. Kb1 Qc7 13. Qf2 b4 14. Na4 Bb7 15. f4 Rab8 16. Nb6 Nxb6 17. Bxb6 Qc8 18. Bd3 Ba8 19. h4 Qb7 20. Be3 a5 21. h5 a4 22. Nd4 Nxd4 23. Bxd4 Rfc8 24. g5 Qc7 25. g6 e5 26. fxe5 dxe5 27. Qxf7+ Kh8 28. h6 Bf6 29. hxg7+ 1-0

[Event "Titled Tuesday intern op 02nd Apr Early"]
[Site "Chess.com INT"]
[Date "2024.04.02"]
[Round "9"]
[White "Zakirov, Musa"]
[Black "Kleiman, Jake"]
[Result "1-0"]
[WhiteElo "2203"]
[BlackElo "2399"]
[PlyCount "125"]
[EventDate "2024.04.02"]
[EventType "swiss (blitz)"]
[EventRounds "11"]
[EventCountry "USA"]
[SourceTitle "CB15_2024"]
[SourceDate "2024.04.10"]
[SourceVersion "1"]
[SourceVersionDate "2024.04.10"]
[SourceQuality "1"]

1. e4 e5 2. Nf3 Nc6 3. Bc4 Bc5 4. 0-0 Nf6 5. d3 0-0 6. Nbd2 d5 7. exd5 Nxd5 8. Re1 Bg4 9. h3 Bh5 10. Ne4 Bb6 11. Ng3 Bg6 12. a4 Re8 13. c3 a6 14. Bg5 Qd7 15. Nh4 Nd8 16. a5 Ba7 17. Qf3 c6 18. Nxg6 hxg6 19. Bd2 Rc8 20. h4 Nf6 21. h5 Nxh5 22. Nxh5 gxh5 23. Qxh5 Qd6 24. Re3 Bxe3 25. Bxe3 Ne6 26. g3 Rcd8 27. Kg2 g6 28. Qh6 Qf8 29. Qh4 Qe7 30. Qh6 Qf6 31. Rh1 Qg7 32. Qh4 Rd6 33. Bh6 Qh8 34. Qg4 Qf6 35. Be3 Ng7 36. Bg5 Qf5 37. Qh4 Nh5 38. g4 Qd7 39. gxh5 Kg7 40. hxg6 Rxg6 41. Qh7+ Kf8 42. Qh8+ Rg8 43. Qh6+ Rg7 44. Kf1 Qf5 45. Bf6 Qg6 46. Qxg6 fxg6 47. Bxg7+ Kxg7 48. Rg1 Kf6 49. Ke2 Rh8 50. Rg2 Rh4 51. b4 e4 52. dxe4 Rxe4+ 53. Kd3 Rf4 54. Bb3 g5 55. Kc2 Rf3 56. Bc4 Rf4 57. Bd3 g4 58. Kd2 Kg5 59. Ke3 Kh4 60. Be2 Rc4 61. Bxc4 Kh3 62. Rg3+ Kh2 63. Be6 1-0

[Event "Khanty-Mansiysk Governor Cup 17th"]
[Site "Khanty-Mansiysk"]
[Date "2021.11.16"]
[Round "6"]
[White "Mirzanurov, Bulat"]
[Black "Zakirov, Musa"]
[Result "1/2-1/2"]
[WhiteElo "2238"]
[BlackElo "1894"]
[PlyCount "82"]
[EventDate "2021.11.11"]
[EventType "swiss"]
[EventRounds "9"]
[EventCountry "RUS"]
[SourceTitle "CBM 205 Extra"]
[Source "ChessBase"]
[SourceDate "2022.01.31"]
[SourceVersion "1"]
[SourceVersionDate "2022.01.31"]
[SourceQuality "1"]

1. d4 d5 2. c4 c6 3. Nf3 Nf6 4. Nc3 a6 5. cxd5 cxd5 6. Bf4 Nc6 7. e3 Bg4 8. Be2 e6 9. 0-0 Bxf3 10. Bxf3 Bd6 11. Bxd6 Qxd6 12. h3 0-0 13. Rc1 Rac8 14. Qd2 b5 15. b3 g6 16. Rfd1 Rc7 17. e4 dxe4 18. Nxe4 Nxe4 19. Bxe4 Ne7 20. Rxc7 Qxc7 21. d5 Nxd5 22. Bxd5 Rd8 23. Qg5 exd5 24. Rxd5 Rxd5 25. Qxd5 Qc1+ 26. Kh2 Qf4+ 27. Kg1 Qc1+ 28. Kh2 Qc7+ 29. Kg1 Qc8 30. Qd4 h5 31. a4 Qc6 32. axb5 axb5 33. b4 Kh7 34. Kh2 Qc4 35. Qxc4 bxc4 36. b5 c3 37. b6 c2 38. b7 c1Q 39. b8Q Qc2 40. Qf4 Qa2 41. Qe3 Qc4 1/2-1/2

[Event "Khanty-Mansiysk Governor Cup 17th"]
[Site "Khanty-Mansiysk"]
[Date "2021.11.11"]
[Round "1"]
[White "Zakirov, Musa"]
[Black "Volkov, Sergey"]
[Result "0-1"]
[WhiteElo "1894"]
[BlackElo "2541"]
[PlyCount "102"]
[EventDate "2021.11.11"]
[EventType "swiss"]
[EventRounds "9"]
[EventCountry "RUS"]
[SourceTitle "CBM 205 Extra"]
[Source "ChessBase"]
[SourceDate "2022.01.31"]
[SourceVersion "1"]
[SourceVersionDate "2022.01.31"]
[SourceQuality "1"]

1. e4 e6 2. d4 d5 3. Nc3 Nf6 4. e5 Nfd7 5. f4 c5 6. Nf3 Be7 7. Be3 0-0 8. Qd2 Nc6 9. dxc5 Nxc5 10. 0-0-0 b6 11. h4 Bb7 12. h5 Rc8 13. Qe1 Qc7 14. Nb5 Qd7 15. Kb1 a6 16. Nbd4 b5 17. g4 Nxd4 18. Nxd4 f6 19. h6 g6 20. exf6 Bxf6 21. g5 Bh8 22. Bh3 Rce8 23. Qb4 Ne4 24. Nb3 Bc8 25. Rhe1 Qc7 26. Bg2 Ng3 27. Qd2 Nh5 28. Rf1 Rf7 29. f5 gxf5 30. Rg1 f4 31. Bf2 f3 32. Bf1 Nf4 33. Bd3 Ng6 34. Rde1 Qd6 35. Nc5 Rd8 36. Rd1 e5 37. Qa5 Rff8 38. Be4 Qc6 39. b4 Rd6 40. Bxg6 Rxg6 41. Qa3 Be6 42. Qxa6 Qxa6 43. Nxa6 d4 44. Nc5 Bf5 45. Rde1 Rc6 46. Ne4 Bg6 47. Nf6+ Bxf6 48. gxf6 Rfc8 49. Rxe5 Rxc2 50. Rxg6+ hxg6 51. Bxd4 f2 0-1